000 00937nam a2200277 4500
001 28425
003 BD-RjUL
005 20211209051300.0
008 140330s1970 nyu b 001 0 eng d
035 _a(BD-RjUL)28506
040 _aDLC
_cDLC
_dBD-RjUL
_beng
041 _aeng
082 0 0 _a309.18
_bDUQ 1970
100 1 _aDuncan, Walter Raymond,
_d1936-
_987046
245 1 4 _aThe quest for change in Latin America :
_bsources for a twentieth-century analysis /
_cedited by W. Raymond Duncan and James Nelson Goodsell.
260 _aNew York :
_bOxford University Press,
_c1970.
300 _axiv, 562 p.
_c22 cm.
350 _a$12.50
504 _aIncludes bibliographical references and index.
650 _aLatin America
_987047
651 0 _aLatin America
_xHistory
_y20th century
_xSources.
_987048
700 1 _aGoodsell, James Nelson,
_ejoint comp.
_987049
942 _2ddc
_cBK
999 _c28425
_d28425